000 00619pam a2200157a 44500
008 230515b2019 xxu||||| |||| 00| 0 eng d
020 _a9788194393207
041 _aENGLISH
082 _a000
100 _aMINISTRY OF AYUSH
245 _aAYURVEDA INTERVENTION AYUSHQOL-2C IN IMPROVING QUALITY OF LIFE IN LOCAL NON MATAST IVE BREAST CANCER AS ADJEVANT TO REDIOTHERAPHY & CHEMOTHERAPHY
250 _aI
260 _aNEW DELHI
_bNULL
_c2019
300 _a105
650 _aAYURVEDA INTERVENTION AYUSHQOL-2C IN IMPROVING QUALITY OF LIFE IN LOCAL NON MATAST IVE BREAST CANCER AS ADJEVANT TO REDIOTHERAPHY & CHEMOTHERAPHY
999 _c502267
_d502267